Advanced programming in the UNIX environment / (Record no. 2595)
[ view plain ]
| 000 -LEADER | |
|---|---|
| fixed length control field | 00780nam a22002292 4500 |
| 001 - CONTROL NUMBER | |
| control field | 0000004301 |
| 005 - DATE AND TIME OF LATEST TRANSACTION | |
| control field | 20151217145802.0 |
| 008 - FIXED-LENGTH DATA ELEMENTS--GENERAL INFORMATION | |
| fixed length control field | 070522s xx 000 0 eng d |
| 020 ## - INTERNATIONAL STANDARD BOOK NUMBER | |
| International Standard Book Number | 8178080966 : |
| Terms of availability | KES 1,090 |
| 040 ## - CATALOGING SOURCE | |
| Original cataloging agency | KABU |
| Transcribing agency | KABU |
| 050 #0 - LIBRARY OF CONGRESS CALL NUMBER | |
| Classification number | QA76.76 |
| Item number | .O63S741 |
| 100 1# - MAIN ENTRY--PERSONAL NAME | |
| Personal name | Stevens, W. Richard. |
| -- | 0000154786 |
| 245 10 - TITLE STATEMENT | |
| Title | Advanced programming in the UNIX environment / |
| Statement of responsibility, etc. | W. Richard Stevens. |
| 260 ## - PUBLICATION, DISTRIBUTION, ETC. (IMPRINT) | |
| Place of publication, distribution, etc. | Patparganji, Delhi : |
| Name of publisher, distributor, etc. | Pearson Education, |
| Date of publication, distribution, etc. | c1993. |
| 300 ## - PHYSICAL DESCRIPTION | |
| Extent | xviii, 744 p. ; |
| Dimensions | 24 cm. |
| 440 #0 - SERIES STATEMENT/ADDED ENTRY--TITLE | |
| Title | Addison-Wesley professional computing series |
| -- | 0000154789 |
| 650 #0 - SUBJECT ADDED ENTRY--TOPICAL TERM | |
| Topical term or geographic name as entry element | Operating systems (Computers) |
| -- | 0000146540 |
| 650 #0 - SUBJECT ADDED ENTRY--TOPICAL TERM | |
| Topical term or geographic name as entry element | UNIX (Computer file) |
| -- | 0000154651 |
| 908 ## - PUT COMMAND PARAMETER (RLIN) | |
| Put command parameter | 070522 |
| 950 ## - LOCAL HOLDINGS (RLIN) | |
| -- | 1 |
| Withdrawn status | Lost status | Source of classification or shelving scheme | Not for loan | Home library | Current library | Date acquired | Total Checkouts | Full call number | Barcode | Date last seen | Date last checked out | Price effective from | Koha item type |
|---|---|---|---|---|---|---|---|---|---|---|---|---|---|
| Library of Congress Classification | Kabarak, Main Campus | Kabarak, Main Campus | 17/12/2015 | 1 | QA76.76 .O63S741 | 008049 | 01/11/2016 | 23/09/2016 | 17/12/2015 | General Collection |